The injury chart book : a graphical overview of the global burden of injuries.
Spremljeno u:
| Autor kompanije: | |
|---|---|
| Format: | Knjiga |
| Jezik: | English |
| Izdano: |
Geneva :
Dept. of Injuries and Violence Prevention, Noncommunicable Diseases and Mental Health Cluster, World Health Organization,
2002.
|
| Teme: | |
| Online pristup: | Connect to text online. |
| Oznake: |
Dodaj oznaku
Bez oznaka, Budi prvi tko označuje ovaj zapis!
|
| LEADER | 01864cam a2200433 a 4500 | ||
|---|---|---|---|
| 001 | 001995 | ||
| 005 | 20220906184654.0 | ||
| 008 | 040315s2002 sz ab b i000 0 eng d | ||
| 010 | |a 2004358569 | ||
| 020 | |a 924156220X | ||
| 035 | |a (OCoLC)ocm52416792 | ||
| 040 | |a COU |c COU |d RBN |d OCLCQ |d DLC | ||
| 042 | |a lccopycat | ||
| 050 | 0 | 0 | |a HB1323.A2 |b I55 2002 |
| 060 | |a WO 700 | ||
| 082 | 0 | 0 | |a 614/.3/021 |2 22 |
| 245 | 0 | 4 | |a The injury chart book : |b a graphical overview of the global burden of injuries. |
| 246 | 1 | 4 | |a Injury chartbook |
| 260 | |a Geneva : |b Dept. of Injuries and Violence Prevention, Noncommunicable Diseases and Mental Health Cluster, World Health Organization, |c 2002. | ||
| 300 | |a iii, 75 p. : |b chiefly col. ill., maps ; |c 21 x 30 cm. | ||
| 504 | |a Includes bibliographical references. | ||
| 530 | |a Also available via the World Wide Web. | ||
| 650 | 0 | |a Wounds and injuries |v Statistics. |9 254 | |
| 650 | 0 | |a Accidents |v Statistics. |9 255 | |
| 650 | 0 | |a Death |x Causes |x Statistics. |9 256 | |
| 650 | 0 | |a World health |x Statistics. |9 257 | |
| 650 | 1 | 2 | |a Wounds and Injuries |x epidemiology. |9 258 |
| 650 | 1 | 2 | |a Wounds and Injuries |x mortality. |9 259 |
| 650 | 2 | 2 | |a Accidents |x statistics & numerical data. |9 260 |
| 650 | 2 | 2 | |a Cost of Illness. |9 261 |
| 650 | 2 | 2 | |a World Health. |9 262 |
| 655 | 7 | |a Statistics. |2 mesh |9 263 | |
| 710 | 2 | |a World Health Organization. |b Injuries and Violence Prevention Department. |9 264 | |
| 856 | 4 | 1 | |u http://www5.who.int/violence%5Finjury%5Fprevention/main.cfm?p=0000000795 |z Connect to text online. |
| 906 | |a 7 |b cbc |c copycat |d 3 |e ncip |f 20 |g y-gencatlg | ||
| 942 | |2 NLM |c WHO | ||
| 952 | |0 0 |1 0 |2 NLM |4 0 |6 WO_700_000000000000000_WHO_2002 |7 0 |9 2497 |a NHRC |b NHRC |d 2016-09-12 |l 0 |o WO 700/WHO/2002 |r 2016-09-12 |w 2016-09-12 |y WHO | ||
| 955 | |a of25 2004-03-15 to SSCD |a se00 2004-03-29 |i se03 2004-04-08 |a aa29 2004-04-23 | ||
| 999 | |c 2392 |d 2392 | ||